LEADER 00991nam 22003493 450 001 9910843797703321 005 20240317090303.0 010 $a1-394-21398-0 010 $a1-394-21396-4 035 $a(MiAaPQ)EBC31211373 035 $a(Au-PeEL)EBL31211373 035 $a(EXLCZ)9930898146300041 100 $a20240317d2024 uy 0 101 0 $aeng 135 $aurcnu|||||||| 181 $ctxt$2rdacontent 182 $cc$2rdamedia 183 $acr$2rdacarrier 200 10$aStepping Through Cybersecurity Risk Management $eA Systems Thinking Approach 205 $a1st ed. 210 1$aNewark :$cJohn Wiley & Sons, Incorporated,$d2024. 210 4$dİ2024. 215 $a1 online resource (335 pages) 311 $a1-394-21395-6 700 $aBayuk$b Jennifer L$01625658 801 0$bMiAaPQ 801 1$bMiAaPQ 801 2$bMiAaPQ 906 $aBOOK 912 $a9910843797703321 996 $aStepping Through Cybersecurity Risk Management$94149857 997 $aUNINA